000 00780nam a2200253 a 4500
003 CO-ViMGA
005 20250203150724.0
008 141112s2004 ck r 000 u spa d
020 _a9789584237231
040 _aCO-ViMGA
_bspa
_cCO-ViMGA
041 _aspa
_heng
084 _aN KAW1
100 1 _aKawabata, Yasunari, 1899 - 1972
_eautor
245 1 3 _aLa casa de las bellas durmientes /
_cYasunari Kawabata ; traducción M. C.
250 _aPrimera edición
300 _a112 páginas
500 _aTítulo original : Nemureru bijo
610 _aPREMIO NOBEL DE LITERATURA, 1968
_940056
650 1 4 _aAUTORES JAPONESES
650 1 4 _aLITERATURA EROTICA JAPONESA
_940058
650 1 4 _aLITERATURA JAPONESA - SIGLO XX
650 1 4 _aNOVELA EROTICA
942 _2ddc
_cBKLIT
999 _c5384
_d5384